000 00834namaa22001811 4500
001 174009
003 ES-MaACL
005 20230906215420.0
008 100205s1906 sp r |||| | spa d
100 1 _aÁlvarez Quintero, Serafín,
_d1871-1938
_9226443
245 1 3 _aLa musa loca
_b: comedia en tres actos (el tercero dividido en dos cuadros) /
_cde Serafín y Joaquín Álvarez Quintero.
260 _aMadrid :
_bSociedad de Autores Españoles,
_c1906 (
_fR. Velasco)
300 _a95 p. ;
_c21 cm.
500 _aEn port.: Estrenada en el teatro de Novedades de Barcelona, el 4 de julio de 1905.
700 1 _aÁlvarez Quintero, Joaquín,
_d1873-1944
_920922
852 _aES-MaACL
_jF-8644(4)
_z.- Enc. hol.
_z.- Enc. en un vol. facticio formando parte de la col. facticia "Teatro español moderno" v. 101
999 _c174009
_d174009